Unforgettable - Marcus & Martinus lyrics - Statistics

General Stats
  • This quiz has been taken 251 times
  • The average score is 126 of 186
Answer Stats
lyric % Correct
she
96%
I
94%
unforgettable
88%
go
83%
night
83%
you
83%
at
82%
when
80%
is
79%
alive
78%
and
76%
comes
76%
her
76%
it
73%
asleep
72%
in
72%
no
71%
dangerous
69%
she's
68%
up
68%
your
68%
empty
67%
so
66%
deep
65%
feel
65%
gon'
65%
know
65%
leave
65%
eyes
64%
blind
63%
hurt
63%
love
63%
make
63%
out
62%
chew
61%
good
61%
prey's
61%
don't
59%
hollow
59%
now
58%
spit
57%
care
56%
better
55%
follow
55%
then
54%
but
53%
too
51%
venomous
51%
bad
50%
you're
49%
anyway
48%
feels
46%
it's
43%
me
43%
hurts
42%
of
41%
oh
41%
she'll
39%
serious
37%
inside
36%
getting
35%
'cause
33%
whoa
28%
No matching quizzes found
Score Distribution
Percent of People with Each Score
Percentile by Number Answered
Your Score History
You have not taken this quiz